000 00768nam a22002657a 4500
001 BR8306183
003 BR-BrBNA
005 20230928091826.0
007 ta
008 230509b bl.||||| |||| 00| 0 por d
040 _aBR-BrBNA
_bpor
_cBiblioteca Nacional de Agricultura
041 _a(Por)
072 _aN20
_b4540
_b3853
090 _ 4540 BR8306183
100 1 _aPrescenda, J.D.
245 1 _aEspalhador de esterco liquido
_bApresentado no 1. Concurso de Equipamentos Agricolas Apropriados ao Pequeno Produtor Rural
260 3 _aNova Prata, RS (Brasil):
_c1983.
300 _a3 p.
500 _a5 illus.
650 _aESTERQUEIRA
650 _aADUBO LIQUIDO
650 _aTECNOLOGIA APROPRIADA
909 _a202309
_bLucia
_c55
_dLucia Elande
942 _cBK
999 _c35732
_d35732